00866nam a2200205 i 450000100060000000300090000600500170001500700030003200800410003508000300007610000410010624501230014726000510027030000340032153000340035561000320038961000440042185200520046585601430051717784ES-MaACL20250719063307.0t|010525s1878 sp ||||1| spa d a061.21(460.27)Ateneo(091)1 aLabra, Rafael M. de,d1840-1918eaut13aEl Ateneo de Madrid :bsus orígenes : desenvolvimiento, representación y porvenir / cpor Rafael María de Labra. aMadrid : b[s.n.], c1878f(Aurelio J. Alaria) aVII, 214 páginas ; c19 cm. aDisponible en formato digital24aAteneo de Madrid-vHistoria2 aAteneo de Madrid-vObras digitalizadas. aES-MaACLcSPP2hDonativo autor, sellojF-11895 4 uhttp://www.ateneodemadrid.com/biblioteca_digital/libros/Libro-00008.pdfyVersión en líneaz(Colección digital del Ateneo de Madrid)